000 00317 a2200121 4500
001 146283
040 _cEscola São Tomás de Aquino
100 _aQUEIRÓS, Bartolomeu Campos de
240 1 0 _aO olho de vidro do meu avô
_lpor
245 1 0 _aO olho de vidro do meu avô
697 _a*LITERATURA JUVENIL
942 _cBK
999 _c146283
_d146283